Nursing care an essential guide for nurses and healthcare workers in primary and secondary care
Guardado en:
| Autor principal: | |
|---|---|
| Formato: | Libro |
| Lenguaje: | inglés |
| Publicado: |
Routledge
2020
|
| Etiquetas: |
Agregar Etiqueta
Sin Etiquetas, Sea el primero en etiquetar este registro!
|
MARC
| LEADER | 00000nam a22000007a 4500 | ||
|---|---|---|---|
| 008 | 221222b |||||||| |||| 00| 0 eng d | ||
| 020 | |a 9781138389106 | ||
| 100 | |a SMITH, Barbara |a Field, Linda | ||
| 245 | |a Nursing care |b an essential guide for nurses and healthcare workers in primary and secondary care |c Barbara Smith and Linda Field |g ix, 338p; ill | ||
| 260 | |b Routledge |c 2020 |h Oxon, UK. |i 699951 |i 699952 |l RT41.Sm4 |m Nursing Care | ||
| 500 | |a it includes references and index | ||
| 942 | |a lcc |c BK |e Johnson |f 12/22 | ||
| 952 | |0 0 |1 0 |2 lcc |4 0 |6 RT0041 S M4 |7 0 |9 4055 |a HE |b HOL |d 2022-12-22 |l 0 |o RT41.Sm4 |p 2022-0014 |r 2022-12-22 00:00:00 |t 699951 |w 2022-12-22 |y BK | ||
| 952 | |0 0 |1 0 |2 lcc |4 0 |6 RT0041 S M4 |7 0 |9 4056 |a HOL |b HOL |d 2022-12-22 |l 0 |o RT41.Sm4 |p 2022-0015 |r 2022-12-22 00:00:00 |t 699952 |w 2022-12-22 |y BK | ||
| 999 | |c 2036 |d 2036 | ||